Terytoria zależne Australii - Statystyki

Ogólne statystyki
  • Ten quiz został rozwiązany 12 razy
  • Średni wynik to 3 z 7
Statystyki odpowiedzi
Terytorium zależne % Poprawnych
Wyspa Bożego Narodzenia
75%
Norfolk
63%
Wyspy Kokosowe
63%
Wyspy Heard i McDonalda
50%
Wyspy Morza Koralowego
38%
Australijskie Terytorium Antarktyczne
25%
Wyspy Ashmore i Cartiera
25%
Nie znaleziono quizów pasujących do podanych kryteriów
Rozkład punktacji
Procent ludzi z każdym wynikiem
Percentyl według liczby udzielonych odpowiedzi
Twoja historia wyników
Nie rozwiązałeś tego quizu